00685nas a2200217Ia 4500001001100000003000900011008004100020040001300061040001300074041001300087100004800100210001900148222001900167245009500186250001100281260002300292501008600315300001700401362001300418650003600431R415/38264IT-RoPAU151124c99999999xx |||||||||||| ||und|| aIT-RoPAU cIT-RoPAU aFRANCESE aOzanne JacquelinegCodice Aut. SPICS: 24126 aMUSIQUE EN JEU aMusique En Jeu aMUSIQUE EN JEU (33) TUTTI FRUTTI. MUSIQUE CONTEMPORAINE AbExperience De L'Interprete (L') a1a ed. aPARISbSEUILc1978 bPaulus - SPICS - Società San Paolo EM (non-commercial uses only)cCopyright2015 a2 p. [18-19] aVOL.33,  aMUSICAvPUBBLICAZIONE PERIODICA